World Rally Championship Manufacturers - Statistics

General Stats
  • This quiz has been taken 618 times
  • The average score is 10 of 13
Answer Stats
Championship Wins Manufacturer % Correct
4 Ford
97%
9 Toyota
95%
10 Lancia
91%
3 Subaru
91%
2 Audi
89%
8 Citroën
88%
5 Peugeot
85%
2 Hyundai
78%
1 Mitsubishi
78%
4 Volkswagen
72%
1 Alpine-Renault
68%
3 Fiat
59%
1 Talbot
28%
No matching quizzes found
Score Distribution
Percent of People with Each Score
Percentile by Number Answered
Your Score History
You have not taken this quiz